000
00288nam a2200121Ia 4500
008
220204s9999 xx 000 0 und d
082
_a
547
_b
MAR
100
_a
March, J
245
0
_a
Advanced organic chemistry
250
_a
Ed.3
260
_a
New Delhi
_b
Wiley Eastern
_c
1985
942
_c
BK
999
_c
39165
_d
39165